The Uncanny X-Men Slideshow Quiz Stats

Quiz not verified by Sporcle

Challenge
Share
Tweet
Score 0/50 Timer 15:00
1 Play Today
% Correct
Wolverine
99.6%
Professor X
99.6%
Cyclops
99.2%
Storm
98.8%
Beast
98.3%
Magneto
98.3%
Iceman
98%
Phoenix
97.9%
Nightcrawler
97.9%
Colossus
96.3%
Juggernaut
96.1%
Emma Frost
95.6%
Angel
94%
Mystique
93%
Deadpool
92.9%
Gambit
92.9%
Sabretooth
91.6%
Quicksilver
89.8%
Scarlet Witch
89.5%
Blob
89.4%
Shadowcat
88.8%
Pyro
87.6%
Rogue
87.4%
Havok
86.9%
Sentinel
86.4%
% Correct
Psylocke
85.2%
Cable
84.3%
Apocalypse
83.7%
X-23
80.5%
Polaris
76.4%
Pixie
71.4%
Magik
64.9%
The Black King
64.2%
Northstar
64.1%
Mr. Sinister
64%
Forge
63.5%
Avalanche
63.2%
Cannonball
56.2%
Rachel Grey
55.3%
Onslaught
55.1%
Xorn
52.5%
Dani Moonstar
51.8%
Chamber
51.6%
Legion
50.1%
Rockslide
45.1%
Kid Omega
42%
William Stryker
41.5%
Surge
34.7%
Anole
34.5%
Hellion
29.2%

You're not logged in!

Compare scores with friends on all Sporcle quizzes.
Sign Up with Email
OR
Log In

You Might Also Like...

Show Comments

Extras

Top Quizzes Today


Score Distribution

Your Account Isn't Verified!

In order to create a playlist on Sporcle, you need to verify the email address you used during registration. Go to your Sporcle Settings to finish the process.